Esclating land values : causes and consequences for the next decade

Bibliographic Details
Other Authors: Chinitz, Benjamin (Editor)
Format: Book
Language:English
Published: Massachusets : Lincoln Institute of Land Policy 1989
Subjects:

MARC

LEADER 00000cam a2200000 7i4500
001 0000004090
005 20240930.0
008 991208 maua eng
020 |a 158440860 
040 |a INS   |b eng   |e rda 
090 0 0 |a HD1387   |b .E73 1989 
245 0 0 |a Esclating land values :   |b causes and consequences for the next decade   |c edited by Benjamin Chinitz 
264 1 |a Massachusets :   |b Lincoln Institute of Land Policy   |c 1989 
300 |a vi, 123 pages :   |b illustrations ;   |c 28 cm. 
336 |a text  |2 rdacontent 
337 |a unmediated  |2 rdamedia 
338 |a volume  |2 rdacarrier 
650 0 |a Land values 
650 0 |a Land   |x Prices 
700 1 |a Chinitz, Benjamin ,   |e editor 
999 |a 0000005273   |b BOOK   |c Open Shelf   |e Default branch